[Event "35. Potsdamer Weihnachtsturnier"]
[Site "?"]
[Date "2010.12.27"]
[Round "2.2"]
[White "Von Herman, Ulf"]
[Black "Richter, Hans-Peter"]
[Result "1-0"]
[WhiteElo "2404"]
[BlackElo "1946"]
[PlyCount "89"]
[EventDate "2010.??.??"]
[WhiteTeam "SK König Tegel 1949 e.V."]
[BlackTeam "SC Empor Potsdam 1952 e.V."]

1. d4 Nf6 2. c4 g6 3. Nc3 d5 4. cxd5 Nxd5 5. Bg5 Bg7 6. Nf3 Nxc3 7. bxc3 O-O 8.
e3 Nd7 9. Be2 Nf6 10. Qb3 c5 11. O-O Qc7 12. Qa3 b6 13. Bf4 Qb7 14. Ne5 g5 15.
Bf3 Qa6 16. Qb2 gxf4 17. Bxa8 Bb7 18. Bxb7 Qxb7 19. exf4 cxd4 20. cxd4 Nd5 21.
Qd2 f6 22. Nd3 Kh8 23. Rae1 Rg8 24. f3 Qd7 25. Kh1 Bh6 26. Re4 Rd8 27. Rfe1 a5
28. Re6 Bf8 29. Qb2 Rc8 30. f5 Bh6 31. Ne5 fxe5 32. Rxh6 Qxf5 33. Rxe5 Qf4 34.
Rhe6 Qc1+ 35. Qxc1 Rxc1+ 36. Re1 Rc4 37. R6e4 b5 38. h4 Kg7 39. g4 b4 40. Kg2
Kf7 41. Kg3 a4 42. g5 Rc7 43. Re5 Nc3 44. Rc5 Rd7 45. a3 1-0

[Event "35. Potsdamer Weihnachtsturnier"]
[Site "?"]
[Date "2010.12.27"]
[Round "2.3"]
[White "Rosenau, Sven"]
[Black "Dauth, Benjamin"]
[Result "0-1"]
[WhiteElo "1945"]
[BlackElo "2329"]
[PlyCount "82"]
[EventDate "2010.??.??"]
[WhiteTeam "SC Iffezheim"]
[BlackTeam "SC Rotation Pankow e.V."]

1. d4 c5 2. c3 e6 3. Nf3 Nf6 4. Nbd2 cxd4 5. Nxd4 Nc6 6. N2b3 Be7 7. g3 O-O 8.
Bg2 d5 9. f4 Bd7 10. O-O Nxd4 11. Qxd4 b5 12. Nc5 Qc7 13. Nd3 Qc4 14. Be3 Ng4
15. Bf3 Nxe3 16. Qxe3 a5 17. Kg2 Bf6 18. Ne5 Qc7 19. Nxd7 Qxd7 20. Qd2 Rfd8 21.
Rfd1 Qc7 22. Rac1 Rac8 23. e3 Qc4 24. Be2 Qc6 25. Kf2 g6 26. Bd3 Rb8 27. Qe2
Qc5 28. Kg2 b4 29. c4 a4 30. Kh3 Qe7 31. cxd5 exd5 32. b3 axb3 33. axb3 Rb6 34.
e4 dxe4 35. Qxe4 Re6 36. Qc4 Red6 37. Be2 Rd4 38. Qb5 R8d5 39. Qa6 Qd7+ 40. Bg4
Rh5+ 41. Kg2 Qxg4 0-1

[Event "35. Potsdamer Weihnachtsturnier"]
[Site "?"]
[Date "2010.12.27"]
[Round "2.4"]
[White "Rietze, Clemens"]
[Black "Bachran, Boris"]
[Result "1/2-1/2"]
[WhiteElo "2235"]
[BlackElo "1944"]
[PlyCount "157"]
[EventDate "2010.??.??"]
[WhiteTeam "USV Potsdam e.V., Abt. Schach"]
[BlackTeam "SG Lok Brandenburg, Abt. Schach"]

1. e4 c6 2. d4 d5 3. Nc3 dxe4 4. Nxe4 Nf6 5. Ng5 Bg4 6. Be2 Bxe2 7. Nxe2 h6 8.
Nf3 e6 9. O-O Bd6 10. Ng3 Qc7 11. Qe2 O-O 12. Ne5 c5 13. c3 cxd4 14. cxd4 Nc6
15. Nxc6 Qxc6 16. Be3 Qd5 17. f3 Bxg3 18. hxg3 Rfc8 19. g4 Rc6 20. Bf2 Rac8 21.
Qe5 Rc2 22. b3 Qxe5 23. dxe5 Nd5 24. Rfd1 b6 25. Kf1 R8c7 26. Ke1 Kf8 27. Rd2
Ke8 28. Bd4 Nb4 29. a3 Nd5 30. Kd1 Rxd2+ 31. Kxd2 Rd7 32. g3 Ne7 33. Ke3 Nc6
34. Bc3 Rd5 35. f4 Rc5 36. Kd3 Rd5+ 37. Ke4 Rc5 38. Rc1 Ne7 39. b4 Rc6 40. Bd2
b5 41. f5 Rxc1 42. Bxc1 Nc6 43. Be3 Kf8 44. Bc5+ Ke8 45. f6 g5 46. Bd6 a6 47.
Bc5 Nb8 48. Be7 Nc6 49. Bd6 a5 50. bxa5 Nxa5 51. Kd4 Nb7 52. Bb4 Kd7 53. Bf8
Nd8 54. Bxh6 Nc6+ 55. Ke4 b4 56. axb4 Nxb4 57. Bxg5 Nd5 58. Kd4 Nb4 59. Bf4 Ke8
60. Kc5 Nd3+ 61. Kc6 Nb4+ 62. Kd6 Nc2 63. g5 Nd4 64. g4 Nb5+ 65. Kc5 Nc3 66.
Be3 Nd5 67. Bd2 Kf8 68. Kc6 Kg8 69. g6 fxg6 70. Kb7 Kf7 71. Kc6 Kg8 72. Kd6 Kf7
73. g5 Nb6 74. Kc5 Nd5 75. Kc6 Kf8 76. Bc1 Nb4+ 77. Kd6 Kf7 78. Bf4 Nd3 79. Bg3
1/2-1/2

[Event "35. Potsdamer Weihnachtsturnier"]
[Site "?"]
[Date "2010.12.27"]
[Round "2.5"]
[White "Perestjuk, Marko"]
[Black "Grottke, Hans-Joachim"]
[Result "1/2-1/2"]
[WhiteElo "1944"]
[BlackElo "2223"]
[PlyCount "62"]
[EventDate "2010.??.??"]
[WhiteTeam "SC Zitadelle Spandau 1977 e.V."]
[BlackTeam "SC Empor Potsdam 1952 e.V."]

1. e4 e6 2. Qe2 c5 3. f4 Nc6 4. Nf3 Be7 5. g3 d6 6. Bg2 e5 7. O-O exf4 8. gxf4
Bg4 9. d3 Qd7 10. Be3 O-O-O 11. c4 Bf6 12. Qd2 h5 13. Nc3 h4 14. a3 h3 15. Bh1
Nge7 16. b4 Bh5 17. Kf2 Nd4 18. Bxd4 cxd4 19. Ne2 Rdg8 20. Rg1 g5 21. Nxg5 Ng6
22. Bf3 Bxf3 23. Nxf3 Nh4 24. Rxg8+ Rxg8 25. Rg1 Rxg1 26. Nfxg1 Qg4 27. Ng3 Bg7
28. f5 Be5 29. Qh6 Bxg3+ 30. hxg3 h2 31. Qf8+ Kc7 1/2-1/2

[Event "35. Potsdamer Weihnachtsturnier"]
[Site "?"]
[Date "2010.12.27"]
[Round "2.6"]
[White "Peschel, Andreas"]
[Black "Rennhack, Peer"]
[Result "0-1"]
[WhiteElo "2177"]
[BlackElo "1935"]
[PlyCount "120"]
[EventDate "2010.??.??"]
[WhiteTeam "SG Solingen e.V."]
[BlackTeam "Sabt Frankfurter TV 1860"]

1. d4 Nf6 2. c4 g6 3. Nc3 Bg7 4. e4 d6 5. f4 O-O 6. Nf3 c5 7. d5 Bg4 8. Be2
Nbd7 9. O-O Nh5 10. Re1 f5 11. Ng5 Bd4+ 12. Kh1 Bxc3 13. bxc3 Bxe2 14. Qxe2 Ng7
15. exf5 Rxf5 16. Qxe7 Qxe7 17. Rxe7 Nb6 18. Rb1 Re8 19. Rxe8+ Nxe8 20. g4 Rf6
21. Rb2 h6 22. Re2 hxg5 23. Rxe8+ Kf7 24. Rb8 gxf4 25. Rxb7+ Ke8 26. Rxa7 Nxc4
27. Ra4 f3 28. Kg1 Ne5 29. Ra8+ Kd7 30. Ra7+ Kc8 31. h3 f2+ 32. Kf1 Rf3 33. Rh7
Rxc3 34. Bb2 Rd3 35. Bxe5 dxe5 36. Kxf2 Rxd5 37. Ra7 Kb8 38. Ra4 g5 39. Ke3 Kb7
40. Ra3 Rd4 41. Rb3+ Kc6 42. Rb8 c4 43. a4 Kc7 44. Rb5 Kd6 45. Rb8 Rd3+ 46. Ke4
Rxh3 47. Rc8 Rc3 48. Kf5 Rc1 49. a5 Ra1 50. Rxc4 Rxa5 51. Re4 Rb5 52. Kxg5 Ke6
53. Kg6 Rb8 54. Ra4 Rg8+ 55. Kh7 Rg5 56. Kh6 Rg8 57. g5 Kf5 58. Ra1 Rg6+ 59.
Kh5 Rxg5+ 60. Kh4 Rg8 0-1

[Event "35. Potsdamer Weihnachtsturnier"]
[Site "?"]
[Date "2010.12.27"]
[Round "2.7"]
[White "Hein, Carsten"]
[Black "Galkin, Wladislaw"]
[Result "1/2-1/2"]
[WhiteElo "2171"]
[BlackElo "1924"]
[PlyCount "60"]
[EventDate "2010.??.??"]
[WhiteTeam "SC Empor Potsdam 1952 e.V."]
[BlackTeam "SC Ladja Roßdorf"]

1. d4 d5 2. Nf3 Nf6 3. g3 e6 4. Bg2 Bd6 5. c4 c6 6. Nc3 Nbd7 7. Qc2 O-O 8. Bg5
Re8 9. O-O h6 10. Bd2 dxc4 11. a4 e5 12. Rad1 Qc7 13. e3 Rb8 14. Bc1 a6 15.
dxe5 Bxe5 16. e4 b5 17. Ne2 c5 18. axb5 axb5 19. Nxe5 Nxe5 20. Bf4 Bb7 21. Nc3
Qc6 22. Nd5 Nxd5 23. exd5 Qd6 24. h4 Rbd8 25. Rfe1 Rd7 26. Qd2 Rde7 27. Re3 b4
28. Qc1 Ba6 29. Qa1 Bb5 30. Qa5 Bd7 1/2-1/2

[Event "35. Potsdamer Weihnachtsturnier"]
[Site "?"]
[Date "2010.12.27"]
[Round "2.8"]
[White "Lange, Werner"]
[Black "Cusnariov, Nicolai"]
[Result "0-1"]
[WhiteElo "1930"]
[BlackElo "2167"]
[PlyCount "50"]
[EventDate "2010.??.??"]
[WhiteTeam "SSV Rotation Berlin e.V."]
[BlackTeam "USV Potsdam e.V., Abt. Schach"]

1. e4 c5 2. Nf3 d6 3. d4 cxd4 4. Nxd4 Nf6 5. Bd3 Nc6 6. Ne2 g6 7. c4 Bg7 8.
Nbc3 O-O 9. O-O a6 10. Bg5 Ne5 11. f4 Neg4 12. Qb3 b5 13. Nd1 Be6 14. h3 Qb6+
15. Kh1 Ne3 16. Nxe3 Qxe3 17. Rf3 Qc5 18. Rc1 Rfc8 19. Qd1 bxc4 20. b3 Qb4 21.
bxc4 Bxc4 22. e5 Bxd3 23. Qxd3 Rxc1+ 24. Nxc1 dxe5 25. fxe5 Qe1+ 0-1

[Event "35. Potsdamer Weihnachtsturnier"]
[Site "?"]
[Date "2010.12.27"]
[Round "2.9"]
[White "Schmidt, Joerg"]
[Black "Petrykowski, Reinhardt"]
[Result "1/2-1/2"]
[WhiteElo "2125"]
[BlackElo "1913"]
[PlyCount "87"]
[EventDate "2010.??.??"]
[WhiteTeam "SV Aufbau Bernburg"]
[BlackTeam "SC Caissa Falkensee e.V."]

1. e4 d5 2. exd5 Qxd5 3. Nc3 Qd8 4. Nf3 e6 5. d4 Nf6 6. Bd3 Be7 7. O-O O-O 8.
Ne2 b6 9. Ng3 Bb7 10. c3 c5 11. dxc5 Bxc5 12. Qe2 Nbd7 13. Be3 Qc7 14. Bxc5
Nxc5 15. Bc4 Nce4 16. Nxe4 Bxe4 17. Bd3 Bxd3 18. Qxd3 Rad8 19. Qe2 Rd5 20. c4
Rd6 21. Rac1 Rfd8 22. h3 Qc5 23. Rc2 h6 24. Nd2 Qg5 25. Nf3 Qc5 26. Rd2 a5 27.
Rfd1 Rxd2 28. Rxd2 Rxd2 29. Nxd2 Qb4 30. b3 Qc3 31. Nf3 Qc1+ 32. Kh2 Qf4+ 33.
g3 Qd6 34. Qe3 Nd7 35. Nd2 e5 36. Ne4 Qe6 37. Nc3 Qd6 38. Nb5 Qc5 39. Qd2 Nf6
40. Qe3 Qxe3 41. fxe3 Nd7 42. Kg2 f5 43. Kf3 Kf7 44. Nc3 1/2-1/2

[Event "35. Potsdamer Weihnachtsturnier"]
[Site "?"]
[Date "2010.12.27"]
[Round "2.10"]
[White "Boettcher, Frank"]
[Black "Schaefer, Heiko"]
[Result "1/2-1/2"]
[WhiteElo "1912"]
[BlackElo "2124"]
[PlyCount "45"]
[EventDate "2010.??.??"]
[WhiteTeam "USV Potsdam e.V., Abt. Schach"]
[BlackTeam "Potsdamer SV Mitte e.V."]

1. d4 e6 2. c4 f5 3. Nc3 Nf6 4. g3 c6 5. Bg2 d5 6. Qd3 Na6 7. a3 Be7 8. Nf3 O-O
9. O-O Bd7 10. Ne5 Be8 11. f3 c5 12. e3 Nc7 13. Kh1 Bd6 14. cxd5 Bxe5 15. dxe5
Nfxd5 16. Rd1 Bc6 17. Qc2 Qe7 18. Nxd5 Nxd5 19. e4 fxe4 20. fxe4 Nc7 21. Be3 b6
22. b4 Na6 23. Rd6 1/2-1/2

[Event "35. Potsdamer Weihnachtsturnier"]
[Site "?"]
[Date "2010.12.27"]
[Round "2.11"]
[White "Brandt, Fred"]
[Black "Koenig, Marco"]
[Result "1/2-1/2"]
[WhiteElo "1911"]
[BlackElo "2093"]
[PlyCount "44"]
[EventDate "2010.??.??"]
[WhiteTeam "SV Königsjäger Süd-West e.V."]
[BlackTeam "Burger SK Schwarz-Weiß"]

1. d4 d5 2. Nf3 Nf6 3. e3 Bf5 4. Bd3 Bxd3 5. cxd3 Nbd7 6. Nc3 e6 7. O-O c5 8.
e4 cxd4 9. Nxd4 Bc5 10. Nf3 dxe4 11. dxe4 Nb6 12. Qe2 O-O 13. Bg5 Be7 14. Rfd1
Nfd7 15. Be3 Qb8 16. Rac1 a6 17. Na4 Bd8 18. Nxb6 Nxb6 19. Bc5 Re8 20. Bd6 Qa7
21. Bc5 Qb8 22. Bd6 Qa7 1/2-1/2

[Event "35. Potsdamer Weihnachtsturnier"]
[Site "?"]
[Date "2010.12.27"]
[Round "2.12"]
[White "Sonntag, Sven"]
[Black "Bauer, Norbert"]
[Result "1-0"]
[WhiteElo "1909"]
[BlackElo "2082"]
[PlyCount "83"]
[EventDate "2010.??.??"]
[WhiteTeam "SK Dessau 93 e. V."]
[BlackTeam "SAV Torgelow"]

1. d4 Nf6 2. Nf3 e6 3. c4 Bb4+ 4. Bd2 c5 5. a3 Bxd2+ 6. Qxd2 cxd4 7. Nxd4 a6 8.
Nc3 Qc7 9. e3 b6 10. Be2 Bb7 11. O-O O-O 12. b4 d6 13. Rac1 Nbd7 14. f3 Rac8
15. Rfd1 Rfd8 16. Na4 Qb8 17. Qa2 Ba8 18. Nb2 Ne5 19. h3 Ng6 20. Nd3 Qa7 21.
Kh2 e5 22. Nf5 e4 23. Ne1 exf3 24. Nxf3 d5 25. Qb2 dxc4 26. Rxd8+ Rxd8 27. Rxc4
b5 28. Rc5 Bxf3 29. Bxf3 Qb8+ 30. Kg1 Re8 31. Qc3 Ne5 32. Bc6 Nxc6 33. Rxc6 Qe5
34. Qxe5 Rxe5 35. Rxa6 g6 36. Rxf6 gxf5 37. Kf2 Kg7 38. Rc6 Re7 39. Rc5 Ra7 40.
Rxf5 Rxa3 41. Rxb5 Kg6 42. Kf3 1-0

[Event "35. Potsdamer Weihnachtsturnier"]
[Site "?"]
[Date "2010.12.27"]
[Round "2.13"]
[White "Hahlbohm, Matthias"]
[Black "Scholz, Ralf-Dieter"]
[Result "1-0"]
[WhiteElo "2076"]
[BlackElo "1898"]
[PlyCount "67"]
[EventDate "2010.??.??"]
[WhiteTeam "TSG Oberschöneweide e.V."]
[BlackTeam "USV Potsdam e.V., Abt. Schach"]

1. e4 c5 2. c3 g6 3. d4 cxd4 4. cxd4 Bg7 5. Nc3 Nc6 6. Be3 Qb6 7. Nd5 Qd8 8.
Nf3 e6 9. Nc3 Nge7 10. Qd2 h6 11. Bd3 d6 12. O-O Bd7 13. Rac1 a6 14. h3 g5 15.
Bb1 Qa5 16. a3 Ng6 17. Rfd1 Rd8 18. Qe2 O-O 19. Qc4 b5 20. Qb3 Nce7 21. Ne2 Rc8
22. Ng3 Rxc1 23. Rxc1 Rc8 24. Rd1 Qd8 25. Nh5 Bh8 26. h4 g4 27. Nh2 e5 28. Bxh6
exd4 29. Bg5 Bc6 30. Qg3 Be5 31. f4 Nxf4 32. Nxf4 Ng6 33. Nxg4 Nxf4 34. Bxf4
1-0

[Event "35. Potsdamer Weihnachtsturnier"]
[Site "?"]
[Date "2010.12.27"]
[Round "2.15"]
[White "Schirrmacher, Carsten"]
[Black "Binder, Thomas"]
[Result "1-0"]
[WhiteElo "2060"]
[BlackElo "1885"]
[PlyCount "65"]
[EventDate "2010.??.??"]
[WhiteTeam "SC Zitadelle Spandau 1977 e.V."]
[BlackTeam "SF Siemensstadt"]

1. d4 d5 2. Nc3 Nf6 3. Bg5 e6 4. e4 Be7 5. e5 Nfd7 6. Bxe7 Qxe7 7. Bd3 a6 8.
Qg4 O-O 9. Nh3 f5 10. Qh5 c5 11. f4 Nc6 12. dxc5 Nxc5 13. O-O-O Bd7 14. Ng5 g6
15. Qf3 Nxe5 16. Qe3 Ncxd3+ 17. cxd3 Ng4 18. Qd4 Qf6 19. Qxf6 Rxf6 20. Rd2 Rc8
21. Kb1 Nh6 22. Re1 Nf7 23. Nf3 Nd6 24. Nd4 h6 25. Rde2 Re8 26. Nf3 Bb5 27. Kc2
Bc6 28. Nd4 Kf7 29. Kb3 g5 30. fxg5 hxg5 31. Kb4 f4 32. Nf3 Rg6 33. Ne5+ 1-0

[Event "35. Potsdamer Weihnachtsturnier"]
[Site "?"]
[Date "2010.12.27"]
[Round "2.16"]
[White "Muehlhan, Klaus"]
[Black "Bielick, Jakob"]
[Result "1-0"]
[WhiteElo "1971"]
[BlackElo "1700"]
[PlyCount "67"]
[EventDate "2010.??.??"]
[WhiteTeam "SC Empor Potsdam 1952 e.V."]
[BlackTeam "USV Potsdam e.V., Abt. Schach"]

1. e4 c5 2. d4 cxd4 3. c3 dxc3 4. Nxc3 Nc6 5. Nf3 Nf6 6. Bc4 e6 7. O-O Qc7 8.
Qe2 Ng4 9. Nb5 Qb8 10. h3 Nge5 11. Nxe5 Nxe5 12. Bb3 a6 13. Nc3 Be7 14. Be3 b5
15. f4 Nc6 16. Rac1 Bb7 17. f5 Na5 18. fxe6 dxe6 19. Bc2 Nc4 20. Bd4 e5 21. Bf2
O-O 22. Nd5 Bg5 23. Rb1 Bxd5 24. exd5 Nd2 25. Bc5 Rc8 26. Qh5 g6 27. Qxg5 Nxb1
28. b4 Nc3 29. Qf6 Ne2+ 30. Kf2 Nd4 31. Be4 Qb7 32. Qxe5 Nf5 33. Bxf5 gxf5 34.
Qg3+ 1-0

[Event "35. Potsdamer Weihnachtsturnier"]
[Site "?"]
[Date "2010.12.27"]
[Round "2.17"]
[White "Roth, Joachim"]
[Black "Mix, Thomas"]
[Result "1/2-1/2"]
[WhiteElo "1892"]
[BlackElo "2033"]
[PlyCount "120"]
[EventDate "2010.??.??"]
[WhiteTeam "FV Bund"]
[BlackTeam "SF Brannenburg"]

1. d4 d5 2. Nf3 Nf6 3. e3 e6 4. Bd3 Be7 5. O-O O-O 6. Nbd2 c5 7. c3 Nc6 8. Qe2
b6 9. dxc5 bxc5 10. e4 Bb7 11. e5 Nd7 12. Re1 Re8 13. Nf1 f6 14. exf6 Bxf6 15.
Bc2 Nf8 16. Be3 d4 17. Rad1 Qb6 18. cxd4 Nxd4 19. Nxd4 cxd4 20. Bc1 Rac8 21.
Ng3 g6 22. Be4 Ba6 23. Qg4 Bg7 24. h4 e5 25. h5 Qe6 26. Qxe6+ Nxe6 27. hxg6 h6
28. Nf5 Rcd8 29. Nxh6+ Bxh6 30. Bxh6 Nc5 31. Bf5 e4 32. b4 Nd3 33. Rxe4 Rxe4
34. Bxe4 Nxb4 35. a3 Na2 36. Bd2 Be2 37. Re1 Bc4 38. f4 Nc3 39. Bc6 Rd6 40. Be8
Bd3 41. Bf7+ Kg7 42. Re7 Bxg6 43. Bxg6+ Kxg6 44. g4 Nb1 45. Bb4 Rd5 46. Re3 Kf7
47. Re1 Nc3 48. Kg2 a5 49. Bxc3 dxc3 50. Rc1 Rd2+ 51. Kf3 c2 52. Ke3 Rg2 53. g5
Kg6 54. Kd3 Kf5 55. Rxc2 Rg3+ 56. Kc4 Rxa3 57. Rf2 Ra1 58. Kb5 Ra3 59. Rg2 Kxf4
60. g6 Rb3+ 1/2-1/2

[Event "35. Potsdamer Weihnachtsturnier"]
[Site "?"]
[Date "2010.12.27"]
[Round "2.18"]
[White "Scholz, Robert"]
[Black "Schlueter, Bernd"]
[Result "1-0"]
[WhiteElo "1876"]
[BlackElo "2004"]
[PlyCount "43"]
[EventDate "2010.??.??"]
[WhiteTeam "USV Potsdam e.V., Abt. Schach"]
[BlackTeam "SV Rochade Potsdam-West e.V."]

1. c4 Nf6 2. Nc3 g6 3. g3 Bg7 4. Bg2 O-O 5. Nf3 d6 6. O-O Nc6 7. d4 a6 8. Rb1
Bf5 9. Ra1 Ne4 10. Nh4 Nxc3 11. bxc3 Bd7 12. h3 Rb8 13. a4 Na5 14. Qd3 c5 15.
Be3 b6 16. Ra3 Qc8 17. Kh2 cxd4 18. Bxd4 Qxc4 19. Qe3 Bxd4 20. cxd4 Qe6 21. Qd3
Nc4 22. d5 1-0

[Event "35. Potsdamer Weihnachtsturnier"]
[Site "?"]
[Date "2010.12.27"]
[Round "2.19"]
[White "Eichstaedt, Mirko"]
[Black "Mueller, Klaus"]
[Result "0-1"]
[WhiteElo "1855"]
[BlackElo "2002"]
[PlyCount "88"]
[EventDate "2010.??.??"]
[WhiteTeam "USV Potsdam e.V., Abt. Schach"]
[BlackTeam "SG Lok Brandenburg, Abt. Schach"]

1. e4 c5 2. Nf3 d6 3. c3 Nf6 4. Be2 Nc6 5. d3 e6 6. O-O Be7 7. h3 O-O 8. Bf4 e5
9. Be3 d5 10. Qc2 d4 11. Bg5 Be6 12. c4 Ne8 13. Bxe7 Qxe7 14. g4 g6 15. Nh2 f5
16. f3 Qh4 17. Kg2 f4 18. Rg1 Qg3+ 19. Kh1 Qxh3 20. Bf1 Qh4 21. Qg2 g5 22. Nd2
Rf6 23. Qh3 Qxh3 24. Bxh3 Nb4 25. Bf1 Nc2 26. Rc1 Ne3 27. Nb3 b6 28. a4 a5 29.
Nd2 Rh6 30. Be2 Nf6 31. Ndf1 Kf7 32. Nxe3 dxe3 33. Kg2 Rh4 34. Rh1 h5 35. gxh5
Bh3+ 36. Kg1 Nxh5 37. Nf1 Rh8 38. Rc2 Ng7 39. Rh2 Ne6 40. b3 Nd4 41. Rb2 Nxe2+
42. Rbxe2 g4 43. fxg4 Rxg4+ 44. Kh1 Rgg8 0-1

[Event "35. Potsdamer Weihnachtsturnier"]
[Site "?"]
[Date "2010.12.27"]
[Round "2.20"]
[White "Hahn, Thomas"]
[Black "Sicora, Carsten"]
[Result "1-0"]
[WhiteElo "1843"]
[BlackElo "1981"]
[PlyCount "81"]
[EventDate "2010.??.??"]
[WhiteTeam "SC Empor Potsdam 1952 e.V."]
[BlackTeam "ohne Verein"]

1. d4 Nf6 2. Bf4 g6 3. Nf3 Bg7 4. e3 O-O 5. Bd3 d6 6. h3 c5 7. c3 Nbd7 8. O-O
a5 9. Nbd2 a4 10. a3 Nd5 11. Bh2 Nc7 12. Qe2 b5 13. dxc5 Nxc5 14. Bc2 Ba6 15.
Qd1 Qd7 16. Re1 Rfd8 17. Nd4 e5 18. N4f3 f5 19. e4 f4 20. Rc1 Qe7 21. Bb1 h6
22. Qc2 Rac8 23. Rcd1 Kh7 24. h4 N7e6 25. g3 g5 26. hxg5 hxg5 27. gxf4 gxf4 28.
Kg2 Rg8 29. Kh1 Bb7 30. Ba2 Bh6 31. Rg1 Nd7 32. Bd5 Nf6 33. Nh4 Ng4 34. Ndf3
Nxh2 35. Kxh2 Rxg1 36. Rxg1 Ng7 37. Qd3 Rc7 38. Bxb7 Rxb7 39. Qd5 Rc7 40. Nf5
Nxf5 41. Qg8# 1-0

[Event "35. Potsdamer Weihnachtsturnier"]
[Site "?"]
[Date "2010.12.27"]
[Round "2.21"]
[White "Bauer, Mirko"]
[Black "Scheide, Helmut"]
[Result "1/2-1/2"]
[WhiteElo "1691"]
[BlackElo "1965"]
[PlyCount "48"]
[EventDate "2010.??.??"]
[WhiteTeam "SAV Torgelow"]
[BlackTeam "USV Potsdam e.V., Abt. Schach"]

1. d4 Nf6 2. c4 e6 3. Nc3 Bb4 4. e3 b6 5. Bd3 Bb7 6. Nf3 Bxc3+ 7. bxc3 O-O 8.
Qe2 d5 9. cxd5 exd5 10. O-O Nbd7 11. Rb1 Re8 12. c4 dxc4 13. Bxc4 Nd5 14. Qb2
Qf6 15. Qb3 Qf5 16. Bd3 Qh5 17. Bd2 Re6 18. e4 Rg6 19. exd5 Rxg2+ 20. Kxg2 Qg4+
21. Kh1 Qxf3+ 22. Kg1 Qg4+ 23. Kh1 Qf3+ 24. Kg1 Qg4+ 1/2-1/2

[Event "35. Potsdamer Weihnachtsturnier"]
[Site "?"]
[Date "2010.12.27"]
[Round "2.23"]
[White "Haar, Reinhard"]
[Black "Segerberg, Tomas"]
[Result "0-1"]
[WhiteElo "1501"]
[BlackElo "1954"]
[PlyCount "84"]
[EventDate "2010.??.??"]
[WhiteTeam "SV Rochade Potsdam-West e.V."]
[BlackTeam "SG Narva Berlin e.V."]

1. d4 e6 2. c4 Nf6 3. Nc3 Bb4 4. Bd2 c5 5. d5 d6 6. e3 e5 7. Bd3 Qe7 8. e4 O-O
9. Nge2 a6 10. O-O Ne8 11. f4 f6 12. f5 Bxc3 13. Nxc3 Nd7 14. Qh5 Qf7 15. Qxf7+
Kxf7 16. Rf3 Nc7 17. Rh3 Rh8 18. Be2 Nf8 19. Rf1 Bd7 20. g4 h6 21. g5 fxg5 22.
Bxg5 Nh7 23. Bh5+ Kf8 24. Bh4 b5 25. b3 Ne8 26. Rg3 Nef6 27. Be2 b4 28. Nd1
Nxe4 29. Rg6 Nef6 30. Ne3 Be8 31. Rg2 Rg8 32. Ng4 Ra7 33. Nxf6 gxf6 34. Rff2
Rag7 35. Bf3 a5 36. a4 Bd7 37. Be4 Rg4 38. Bd3 Rxh4 39. Rxg8+ Kxg8 40. Rg2+ Ng5
41. Kf2 Kf7 42. Kg3 Rh3+ 0-1

[Event "35. Potsdamer Weihnachtsturnier"]
[Site "?"]
[Date "2010.12.27"]
[Round "2.24"]
[White "Koenig, Frank"]
[Black "Reich, Christian"]
[Result "0-1"]
[WhiteElo "1985"]
[BlackElo "1590"]
[PlyCount "92"]
[EventDate "2010.??.??"]
[WhiteTeam "BSG 1827 Eckbauer e.V."]
[BlackTeam "SC Straubing"]

1. Nf3 d5 2. g3 Nf6 3. Bg2 c5 4. O-O Nc6 5. d4 cxd4 6. Nxd4 e5 7. Nxc6 bxc6 8.
c4 Be6 9. Qa4 Qd7 10. Nc3 Be7 11. Rd1 Rc8 12. Bg5 d4 13. b4 Bxc4 14. Bxf6 gxf6
15. Rac1 O-O 16. a3 Rc7 17. Rd2 Qe6 18. Ne4 Rfc8 19. Qc2 Bb3 20. Qd3 c5 21.
bxc5 Bxc5 22. Bh3 f5 23. Ng5 Qd5 24. Bxf5 Bxa3 25. Rxc7 Rxc7 26. Be4 Rc1+ 27.
Kg2 Qc4 28. Qf3 h6 29. Nh7 Be7 30. Rb2 Rc3 31. e3 Rc1 32. Qe2 Qxe2 33. Rxe2 a5
34. exd4 exd4 35. Bd3 Rc7 36. f3 Kg7 37. Re4 Rd7 38. Rg4+ Kh8 39. Rf4 a4 40.
Nf6 Bxf6 41. Rxf6 a3 42. Rxh6+ Kg7 43. Ra6 a2 44. h4 Re7 45. h5 Re6 46. Ra5 Re1
0-1

[Event "35. Potsdamer Weihnachtsturnier"]
[Site "?"]
[Date "2010.12.27"]
[Round "2.25"]
[White "Schwarz, Oliver"]
[Black "Pueschel, Werner"]
[Result "0-1"]
[WhiteElo "1860"]
[BlackElo "2173"]
[PlyCount "44"]
[EventDate "2010.??.??"]
[WhiteTeam "SV Königsjäger Süd-West e.V."]
[BlackTeam "SG Lasker Steglitz-Wilmersdorf"]

1. e4 c5 2. Nc3 e6 3. f4 a6 4. Nf3 b5 5. g3 Bb7 6. d3 b4 7. Nb1 Nf6 8. Bg2 Be7
9. O-O Qb6 10. Be3 Ng4 11. Qe2 Nxe3 12. Qxe3 O-O 13. Nbd2 d6 14. g4 Nd7 15. Nc4
Qc7 16. g5 Rae8 17. Bh3 d5 18. Nce5 Nxe5 19. Nxe5 dxe4 20. g6 hxg6 21. Nxg6 Bf6
22. Nxf8 Bd4 0-1

[Event "35. Potsdamer Weihnachtsturnier"]
[Site "?"]
[Date "2010.12.27"]
[Round "2.26"]
[White "Schellknecht, Joerg"]
[Black "Calamar, George"]
[Result "0-1"]
[WhiteElo "1765"]
[BlackElo "1489"]
[PlyCount "54"]
[EventDate "2010.??.??"]
[WhiteTeam "SC Caissa Falkensee e.V."]
[BlackTeam "ohne Verein"]

1. e4 g6 2. d4 Bg7 3. f4 d6 4. Nf3 Nf6 5. Bd3 c5 6. c3 O-O 7. O-O b6 8. e5 Ng4
9. h3 Nh6 10. dxc5 Bb7 11. cxd6 exd6 12. Qc2 dxe5 13. fxe5 Nc6 14. Bg5 Qc7 15.
Be4 Rac8 16. Qc1 Nf5 17. Bxf5 gxf5 18. Qf4 Nxe5 19. Nxe5 Bxe5 20. Qxf5 Qc5+ 21.
Qf2 Qd5 22. Qd2 Qc6 23. Bh6 Rfe8 24. Qg5+ Qg6 25. Qxg6+ hxg6 26. Nd2 Bg3 27.
Bf4 Re2 0-1

[Event "35. Potsdamer Weihnachtsturnier"]
[Site "?"]
[Date "2010.12.27"]
[Round "2.28"]
[White "Schrodt, Sebastian"]
[Black "Heinrich, Daniela"]
[Result "1-0"]
[WhiteElo "2085"]
[BlackElo "1476"]
[PlyCount "53"]
[EventDate "2010.??.??"]
[WhiteTeam "BSV 63 Chemie Weißensee"]
[BlackTeam "Schachverein Briesen e.V."]

1. Nf3 d5 2. c4 e6 3. g3 Nf6 4. Bg2 Bd6 5. O-O c6 6. d3 Nbd7 7. Nbd2 O-O 8. Qc2
b6 9. b3 Bb7 10. Bb2 Qc7 11. Rac1 c5 12. cxd5 Nxd5 13. Ne4 Nb4 14. Qc3 Be5 15.
Nxe5 Nxa2 16. Qd4 Nxc1 17. Rxc1 Bxe4 18. Qxe4 Nf6 19. Qh4 Rac8 20. Nc6 Qd7 21.
Bxf6 gxf6 22. Qxf6 Rxc6 23. Bxc6 Qxc6 24. Rc4 Rc8 25. Rg4+ Kf8 26. Rg7 Rc7 27.
Rxh7 1-0

[Event "35. Potsdamer Weihnachtsturnier"]
[Site "?"]
[Date "2010.12.27"]
[Round "2.29"]
[White "Wiezer, Siegfried"]
[Black "Schwedek, Tony"]
[Result "1-0"]
[WhiteElo "2014"]
[BlackElo "1456"]
[PlyCount "55"]
[EventDate "2010.??.??"]
[WhiteTeam "SV Königsjäger Süd-West e.V."]
[BlackTeam "SC Zitadelle Spandau 1977 e.V."]

1. Nf3 Nf6 2. d4 d5 3. c4 dxc4 4. Nc3 a6 5. a4 e6 6. e3 c5 7. Bxc4 Nc6 8. O-O
Be7 9. d5 exd5 10. Nxd5 Nxd5 11. Bxd5 Nb4 12. Bc4 Qxd1 13. Rxd1 Bf5 14. Bd2 Bf6
15. e4 Bg6 16. e5 Be7 17. Bf4 O-O 18. Rd7 Rfe8 19. Rxb7 Nd3 20. Be3 Rab8 21.
Rd7 Nxb2 22. Bxa6 Rbd8 23. Rxd8 Rxd8 24. Bb5 c4 25. Bd4 Rxd4 26. Nxd4 c3 27.
Rc1 Bb4 28. Nc6 1-0

[Event "35. Potsdamer Weihnachtsturnier"]
[Site "?"]
[Date "2010.12.27"]
[Round "2.30"]
[White "Krefenstein, Sergej"]
[Black "Nguyen, Anh Van"]
[Result "1-0"]
[WhiteElo "1998"]
[BlackElo "1414"]
[PlyCount "43"]
[EventDate "2010.??.??"]
[WhiteTeam "ohne Verein"]
[BlackTeam "USV Potsdam e.V., Abt. Schach"]

1. e4 e5 2. Nf3 Nf6 3. Nxe5 d6 4. Nf3 Nxe4 5. Nc3 Nxc3 6. dxc3 Bg4 7. h3 Bh5 8.
Qd5 Bxf3 9. Qxf3 Nc6 10. Be3 Be7 11. O-O-O Qd7 12. Bd3 O-O 13. Qh5 f5 14. Bf4
Qe8 15. Qf3 Rb8 16. g4 fxg4 17. hxg4 h6 18. Bc4+ Kh8 19. Qe3 Rxf4 20. Qxf4 Bg5
21. Qxg5 Ne5 22. Rxh6+ 1-0